Lettre de quiz en 15 secondes - Statistiques

Statistiques générales
  • Ce quiz a été pris 1 655 fois
  • Le résultat moyen est 45 sur 136
Statistiques - réponses
Modèle Lettre % Correct
Q Q
100%
U U
98%
I I
97%
Z Z
95%
Q Q
94%
I I
92%
U U
92%
Z Z
90%
I I
89%
Q Q
89%
U U
89%
Z Z
88%
Q Q
86%
U U
86%
I I
85%
Z Z
84%
Q Q
83%
U U
83%
I I
82%
Z Z
80%
Q Q
79%
I I
78%
U U
78%
Z Z
77%
Q Q
76%
I I
75%
U U
75%
Z Z
74%
Q Q
73%
U U
72%
I I
71%
Z Z
69%
Q Q
67%
U U
66%
U I
65%
Z Z
63%
Q Q
62%
U U
62%
I I
61%
Z Z
59%
Q Q
58%
U U
57%
I I
56%
Z Z
56%
Q Q
52%
U U
50%
I I
49%
Z Z
48%
Q Q
47%
U U
46%
I I
44%
Z Z
42%
Q Q
39%
U U
39%
I I
38%
Z Z
36%
Q Q
34%
U U
33%
I I
32%
Z Z
31%
Q Q
29%
U U
28%
I I
26%
Z Z
25%
Q Q
24%
U U
24%
I I
23%
Z Z
21%
Q Q
19%
U U
18%
I I
17%
Z Z
17%
Q Q
15%
I I
14%
U U
14%
Z Z
14%
I I
12%
Q Q
12%
U U
12%
Z Z
10%
Q Q
9%
I I
8%
U U
8%
Q Q
7%
Z Z
7%
U U
6%
I I
4%
Z Z
4%
I I
3%
Q Q
3%
U U
3%
Z Z
3%
I I
2%
Q Q
2%
U U
2%
Z Z
2%
I I
1%
Q Q
1%
Q Q
1%
U U
1%
U U
1%
Z Z
1%
I I
0%
I I
0%
I I
0%
I I
0%
I I
0%
I I
0%
I I
0%
I I
0%
I I
0%
Q Q
0%
Q Q
0%
Q Q
0%
Q Q
0%
Q Q
0%
Q Q
0%
Q Q
0%
Q Q
0%
U U
0%
U U
0%
U U
0%
U U
0%
U U
0%
U U
0%
U U
0%
U U
0%
Z Z
0%
Z Z
0%
Z Z
0%
Z Z
0%
Z Z
0%
Z Z
0%
Z Z
0%
Z Z
0%
Z Z
0%
Aucun quiz correspondant
Distribution des résultats
% des personnes avec chaque résultat
Percentile par nombre de réponses
Votre historique - résultats
Vous n’avez pas pris ce quiz